[Event "FISU World University-ch 2020"]
[Site "Online"]
[Date "2020.10.26"]
[Round "2.23"]
[White "Azhar, Puteri Rifqah Fahada"]
[Black "Ramirez, Melanie"]
[Result "1-0"]
[WhiteElo "1939"]
[BlackElo "1522"]
[Annotator "TA"]
[PlyCount "71"]
[EventDate "2020.10.26"]
[SourceTitle "playchess.com"]
[Source "ChessBase"]
[SourceQuality "1"]

1. d4 Nf6 2. Nf3 g6 3. Bf4 d6 4. e3 Bg7 5. c4 O-O 6. Nc3 Nbd7 7. Be2 c5 8. O-O Nh5 9. Bg3 Nxg3 10. hxg3 cxd4 11. exd4 b6 12. Qd2 e6 13. Rac1 Bb7 14. Rfd1 Nf6 15. Bd3 Rc8 16. Rc2 d5 17. cxd5 Nxd5 18. Nxd5 Rxc2 19. Qxc2 Bxd5 20. Be4 Bxe4 21. Qxe4 Qc8 22. b3 Rd8 23. Kh2 Qc7 24. Qe2 Qd6 25. Qd2 e5 26. dxe5 Qxd2 27. Rxd2 Rxd2 28. Nxd2 Bxe5 29. Kg1 f5 30. Kf1 b5 31. Ke2 Kf7 32. Nf3 Bf6 33. Kd3 Ke6 34. Ne1 Kd5 35. Nc2 a5 36. a3 1-0

[Event "FISU World University-ch 2020"]
[Site "Online"]
[Date "2020.10.26"]
[Round "2.24"]
[White "Isakzhanov, Kelsinbek"]
[Black "Gasic Merino, Franco"]
[Result "1/2-1/2"]
[WhiteElo "2070"]
[BlackElo "2204"]
[Annotator "TA"]
[PlyCount "105"]
[EventDate "2020.10.26"]
[SourceTitle "playchess.com"]
[Source "ChessBase"]
[SourceQuality "1"]

1. d4 Nf6 2. c4 g6 3. Nc3 Bg7 4. e4 d6 5. Nf3 O-O 6. Be2 Na6 7. O-O e5 8. Bg5 h6 9. Bxf6 Bxf6 10. dxe5 dxe5 11. a3 c6 12. b4 Nc7 13. Qc1 Bg7 14. Rd1 Qe7 15. Bf1 Bg4 16. Qe3 Ne6 17. h3 Bxf3 18. Qxf3 Nd4 19. Qd3 Rfd8 20. Rab1 Nb5 21. Nd5 cxd5 22. cxb5 d4 23. Rbc1 Rac8 24. Qb3 Kh8 25. Bc4 f5 26. Bd5 h5 27. Qf3 Rxc1 28. Rxc1 Qg5 29. Rd1 Rxd5 30. exd5 e4 31. Qg3 Qxg3 32. fxg3 d3 33. d6 Kg8 34. d7 Bf6 35. Kf2 Kf7 36. Ke3 Ke7 37. g4 hxg4 38. hxg4 Kxd7 39. gxf5 gxf5 40. g4 Bg5+ 41. Kd4 Ke6 42. Rf1 Bf6+ 43. Ke3 Bg5+ 44. Kd4 Bf6+ 45. Ke3 Bg5+ 46. Kd4 Bf6+ 47. Ke3 Bg5+ 48. Kd4 fxg4 49. Kxe4 d2 50. a4 Bh4 51. Ke3 Be1 52. Ke2 g3 53. Rf8 1/2-1/2

[Event "FISU World University-ch 2020"]
[Site "Online"]
[Date "2020.10.26"]
[Round "2.24"]
[White "Aguirre Adaros, Joaquin"]
[Black "Sharshembiev, Adil"]
[Result "1-0"]
[WhiteElo "1885"]
[BlackElo "1845"]
[Annotator "NA RC"]
[PlyCount "75"]
[EventDate "2020.10.26"]
[SourceTitle "playchess.com"]
[Source "ChessBase"]
[SourceQuality "1"]

1. e4 c5 2. Nf3 d6 3. d4 cxd4 4. Nxd4 Nf6 5. f3 a6 6. c4 Qc7 7. Nc3 Nc6 8. Be3 Ne5 9. Rc1 b6 10. Nd5 Qc5 11. b4 Nxd5 12. bxc5 Nxe3 13. Qa4+ Bd7 14. c6 Nxc6 15. Nxc6 Rc8 16. Qxa6 Rxc6 17. Rb1 b5 18. Qa7 Nxf1 19. Rxb5 Rxc4 20. Rb8+ Bc8 21. Rxf1 Kd8 22. Qb6+ Rc7 23. Kd2 g6 24. f4 Bh6 25. g3 Kd7 26. Rc1 Rxc1 27. Kxc1 e5 28. Ra8 Rd8 29. Ra7+ Ke8 30. Qc7 Bd7 31. Qxd6 exf4 32. gxf4 Bf8 33. Qe5+ Be6 34. f5 gxf5 35. exf5 Bh6+ 36. Kb2 Rd2+ 37. Kc3 Rg2 38. Qb8+ 1-0

[Event "FISU World University-ch 2020"]
[Site "Online"]
[Date "2020.10.26"]
[Round "2.24"]
[White "Abylkasymov, Kairatbek"]
[Black "Leon Badillo, Antonia"]
[Result "1-0"]
[WhiteElo "1827"]
[BlackElo "1320"]
[Annotator "NA RC"]
[PlyCount "53"]
[EventDate "2020.10.26"]
[SourceTitle "playchess.com"]
[Source "ChessBase"]
[SourceQuality "1"]

1. e4 c6 2. Nf3 d5 3. e5 Bf5 4. Nh4 Bg6 5. Nxg6 hxg6 6. e6 f6 7. d4 Qd6 8. Qe2 Na6 9. g3 O-O-O 10. Bf4 Qb4+ 11. c3 Qb6 12. a4 c5 13. Na3 g5 14. Nb5 gxf4 15. a5 Qd6 16. Nxd6+ Rxd6 17. gxf4 Nh6 18. h4 c4 19. h5 Rg8 20. Rg1 Nc7 21. Bh3 f5 22. Rg6 Rh8 23. Kd2 Ng8 24. Bxf5 Nf6 25. Rh1 Kb8 26. Rg5 Ra6 27. Rhg1 1-0

[Event "FISU World University-ch 2020"]
[Site "Online"]
[Date "2020.10.26"]
[Round "2.25"]
[White "Damaceno, Mateus Lima"]
[Black "Perez, Murillo Angel"]
[Result "0-1"]
[WhiteElo "2136"]
[BlackElo "1963"]
[Annotator "TA"]
[PlyCount "100"]
[EventDate "2020.10.26"]
[SourceTitle "playchess.com"]
[Source "ChessBase"]
[SourceQuality "1"]

1. Nf3 c5 2. g3 Nc6 3. Bg2 d6 4. O-O Nf6 5. b3 e5 6. c4 Be7 7. d3 O-O 8. Nc3 a6 9. Bg5 Bd7 10. Ne1 Rc8 11. Nc2 h6 12. Bxf6 Bxf6 13. Rb1 a5 14. a3 Be6 15. b4 axb4 16. axb4 b6 17. b5 Ne7 18. Ne3 g6 19. Qa4 Bg5 20. Ned5 Bd2 21. Ne4 Ba5 22. Nef6+ Kg7 23. f4 Nxd5 24. Nxd5 Bd2 25. fxe5 Bxd5 26. Bxd5 dxe5 27. Qa7 Qc7 28. Ra1 Ba5 29. Qxc7 Rxc7 30. Rxa5 bxa5 31. b6 Rd7 32. Ra1 Rb8 33. b7 Rxd5 34. cxd5 Rxb7 35. Rxa5 Rc7 36. Ra4 Rd7 37. e4 Rb7 38. Rc4 Rb3 39. Rxc5 Rxd3 40. Kg2 Rd2+ 41. Kg1 Rd4 42. d6 Kf6 43. Rd5 Ke6 44. Rxd4 exd4 45. e5 f6 46. exf6 Kxf6 47. Kf2 Ke6 48. d7 Kxd7 49. Kf3 Kd6 50. Ke4 Kc5 0-1

[Event "FISU World University-ch 2020"]
[Site "Online"]
[Date "2020.10.26"]
[Round "2.25"]
[White "Hernandez Vazquez, Gerardo"]
[Black "Da Silva Araujo, Gabriel Victor"]
[Result "1/2-1/2"]
[WhiteElo "1886"]
[BlackElo "2011"]
[Annotator "TA"]
[PlyCount "99"]
[EventDate "2020.10.26"]
[SourceTitle "playchess.com"]
[Source "ChessBase"]
[SourceQuality "1"]

1. e4 c5 2. Nf3 Nc6 3. d4 cxd4 4. Nxd4 g6 5. Nc3 Bg7 6. Be3 Nf6 7. Bc4 O-O 8. Bb3 d6 9. f3 Bd7 10. Qd2 Nxd4 11. Bxd4 b5 12. h4 a5 13. a4 bxa4 14. Nxa4 e5 15. Be3 Be6 16. Nb6 Rb8 17. Bxe6 fxe6 18. Qxa5 d5 19. exd5 exd5 20. Bc5 Rf7 21. Rd1 Rfb7 22. Nc4 Qxa5+ 23. Nxa5 Rb5 24. b4 Rc8 25. Nb3 Bf8 26. g4 d4 27. g5 Nd7 28. f4 Nxc5 29. bxc5 Bxc5 30. fxe5 Bb4+ 31. Kf1 Rxe5 32. Nxd4 Re4 33. Rh3 Rf8+ 34. Nf3 Rc8 35. Rd4 Rxd4 36. Nxd4 Bc3 37. Ne2 Bg7 38. c3 h6 39. gxh6 Bxh6 40. Kf2 Bg7 41. Rd3 Rc4 42. Nd4 Rxc3 43. Rxc3 Bxd4+ 44. Re3 Kh7 45. Kf3 Bxe3 46. Kxe3 Kh6 47. Kf3 Kh5 48. Kg3 g5 49. hxg5 Kxg5 50. Kf3 1/2-1/2

[Event "FISU World University-ch 2020"]
[Site "Online"]
[Date "2020.10.26"]
[Round "2.25"]
[White "Bail, Ellen Larissa"]
[Black "Hernandez Rendon, Carlos A"]
[Result "0-1"]
[WhiteElo "1848"]
[BlackElo "1838"]
[Annotator "NA RC"]
[PlyCount "60"]
[EventDate "2020.10.26"]
[SourceTitle "playchess.com"]
[Source "ChessBase"]
[SourceQuality "1"]

1. d4 Nf6 2. c4 c5 3. d5 b5 4. cxb5 a6 5. e3 g6 6. Nc3 Bg7 7. Nf3 O-O 8. Be2 d6 9. O-O Nbd7 10. Nd2 Nb6 11. Nc4 axb5 12. Nxb5 Nbxd5 13. e4 Nb4 14. e5 dxe5 15. Nxe5 Nfd5 16. Ng4 Rxa2 17. Rxa2 Nxa2 18. Nh6+ Kh8 19. Bc4 Nxc1 20. Qxc1 e6 21. Rd1 Qh4 22. Nxf7+ Rxf7 23. Bxd5 Qxf2+ 24. Kh1 exd5 25. Nd6 Rf8 26. Nxc8 Rxc8 27. Rxd5 Bxb2 28. Qd1 Bd4 29. h3 Ra8 30. Qg4 Qg1# 0-1

[Event "FISU World University-ch 2020"]
[Site "Online"]
[Date "2020.10.26"]
[Round "2.25"]
[White "Rodriguez Silva, Sheila Angelica"]
[Black "Rodrigues, Vanessa Ketlyn Sousa"]
[Result "1-0"]
[WhiteElo "1745"]
[BlackElo "1744"]
[Annotator "NA RC"]
[PlyCount "105"]
[EventDate "2020.10.26"]
[SourceTitle "playchess.com"]
[Source "ChessBase"]
[SourceQuality "1"]

1. e4 c5 2. b3 d5 3. exd5 Qxd5 4. Bb2 Nc6 5. Nf3 e5 6. Nc3 Qd8 7. Bb5 Bd6 8. Ne4 Bg4 9. Nxd6+ Qxd6 10. Bxe5 Qe6 11. O-O O-O-O 12. Bxg7 Nd4 13. Nxd4 Qg6 14. f3 Qxg7 15. fxg4 Qxd4+ 16. Kh1 Nh6 17. h3 Qb4 18. Bd3 Rhf8 19. g5 Ng8 20. Rf2 Kb8 21. Qf1 Qd4 22. Rd1 h6 23. g6 f6 24. Rf4 Qe5 25. Qf2 Rd7 26. Rf5 Qe8 27. Qg3+ Ka8 28. g7 Rff7 29. Rxc5 Rxg7 30. Re1 Qf8 31. Qe3 Rge7 32. Be4 Rxe4 33. Qxe4 Re7 34. Qxe7 Nxe7 35. Rxe7 b6 36. Rcc7 Qb8 37. Rxa7+ Qxa7 38. Rxa7+ Kxa7 39. g4 Kb7 40. Kg2 Kc6 41. Kf3 Kd5 42. Kf4 Ke6 43. d4 b5 44. c4 b4 45. d5+ Kd6 46. Kf5 Ke7 47. h4 Kf7 48. d6 Ke8 49. Kxf6 Kd7 50. g5 Ke8 51. g6 Kf8 52. d7 h5 53. d8=Q# 1-0

[Event "FISU World University-ch 2020"]
[Site "Online"]
[Date "2020.10.26"]
[Round "2.26"]
[White "Villacorta Nicolas, David"]
[Black "Flores, Fernando"]
[Result "0-1"]
[WhiteElo "2153"]
[BlackElo "1943"]
[Annotator "RC"]
[PlyCount "104"]
[EventDate "2020.10.26"]
[SourceTitle "playchess.com"]
[Source "ChessBase"]
[SourceQuality "1"]

1. e4 e6 2. d4 d5 3. Nc3 Nf6 4. e5 Nfd7 5. Nf3 c5 6. dxc5 Nc6 7. Bf4 Bxc5 8. Bd3 a6 9. O-O h6 10. Bg3 b5 11. a3 Bb7 12. Ne2 Qc7 13. Re1 O-O-O 14. Nc1 g5 15. h3 f5 16. exf6 Qxg3 17. Qd2 Qd6 18. b4 Bb6 19. c3 Nde5 20. Nxe5 Nxe5 21. Qe2 Nc4 22. Qg4 Ne5 23. Qe2 Bc7 24. g3 Rhf8 25. Nb3 Nxd3 26. Qxd3 Rxf6 27. a4 bxa4 28. Rxa4 Bb6 29. Re2 Rdf8 30. Raa2 e5 31. Qc2 e4 32. Nd4 Bxd4 33. cxd4+ Kb8 34. Qb3 Rc8 35. Ra5 Qb6 36. Qb2 Rc4 37. Rc5 Qxb4 38. Qa1 Rxc5 39. dxc5 Rc6 40. Qe5+ Ka7 41. Qxd5 Rxc5 42. Qf7 Qc4 43. Qh5 Rc6 44. Rd2 Qc5 45. Re2 Re6 46. Qf7 Qb6 47. Re3 Rd6 48. Rb3 Qc6 49. Re3 Rd3 50. Re2 e3 51. fxe3 Rd1+ 52. Kh2 Qh1# 0-1

[Event "FISU World University-ch 2020"]
[Site "Online"]
[Date "2020.10.26"]
[Round "2.26"]
[White "Ono, David"]
[Black "Ruperez Benito, Antonio"]
[Result "0-1"]
[WhiteElo "2096"]
[BlackElo "2363"]
[Annotator "TA"]
[PlyCount "70"]
[EventDate "2020.10.26"]
[SourceTitle "playchess.com"]
[Source "ChessBase"]
[SourceQuality "1"]

1. c4 e6 2. Nf3 Nf6 3. e3 d5 4. b3 c5 5. Bb2 Nc6 6. cxd5 exd5 7. d4 cxd4 8. Nxd4 Bb4+ 9. Bc3 Qe7 10. a3 Bd6 11. Bb5 Bd7 12. h3 Ne4 13. Bb2 O-O 14. Nf3 Ng3 15. Bxc6 bxc6 16. Qd4 Nf5 17. Qd2 a5 18. O-O Rfb8 19. Qc3 f6 20. Nbd2 Bc7 21. Rfe1 Nd6 22. Rad1 Nb5 23. Qc1 Nd6 24. Qc2 Qf7 25. e4 dxe4 26. Nxe4 Bf5 27. Nxd6 Bxc2 28. Nxf7 Bxd1 29. Rxd1 Rxb3 30. Rd7 Ra7 31. g3 Bb6 32. Rd2 Kxf7 33. Kg2 Bc5 34. Nd4 Bxd4 35. Bxd4 Rd7 0-1

[Event "FISU World University-ch 2020"]
[Site "Online"]
[Date "2020.10.26"]
[Round "2.26"]
[White "Anaya Lopez, Gonzalo Javier"]
[Black "Rodriguez Perez, Marta"]
[Result "1-0"]
[WhiteElo "1984"]
[BlackElo "1636"]
[Annotator "TA"]
[PlyCount "65"]
[EventDate "2020.10.26"]
[SourceTitle "playchess.com"]
[Source "ChessBase"]
[SourceQuality "1"]

1. d4 Nf6 2. c4 e5 3. dxe5 Ng4 4. a3 a5 5. e4 Nxe5 6. f4 Ng6 7. Be3 Nc6 8. Nc3 Bd6 9. Qd2 Qe7 10. Nf3 Bc5 11. O-O-O Bxe3 12. Qxe3 d6 13. Nd5 Qd8 14. h4 Nge7 15. h5 Nxd5 16. exd5+ Qe7 17. Qc3 Nb4 18. axb4 axb4 19. Qe1 Bf5 20. Qxe7+ Kxe7 21. Nd4 Be4 22. Nc2 b3 23. Na3 Kd7 24. Rg1 c6 25. Bd3 cxd5 26. Bxe4 dxe4 27. c5 d5 28. Rxd5+ Kc6 29. Rgd1 Ra6 30. Rd6+ Kxc5 31. R1d5+ Kb4 32. Rb5+ Ka4 33. Rd4# 1-0

[Event "FISU World University-ch 2020"]
[Site "Online"]
[Date "2020.10.26"]
[Round "2.27"]
[White "Aravena Navarro, Alexis Andres"]
[Black "Gonzalez Lopez, Nicolas Mateo"]
[Result "0-1"]
[WhiteElo "1937"]
[BlackElo "2200"]
[Annotator "TA"]
[PlyCount "52"]
[EventDate "2020.10.26"]
[SourceTitle "playchess.com"]
[Source "ChessBase"]
[SourceQuality "1"]

1. e4 c6 2. Nc3 d5 3. Nf3 Bg4 4. h3 Bxf3 5. Qxf3 e6 6. exd5 cxd5 7. d4 Nc6 8. Be3 Qb6 9. O-O-O Nf6 10. Bd3 Bb4 11. Ne2 O-O-O 12. g4 Rhf8 13. h4 Kb8 14. c3 Be7 15. g5 Ne8 16. Bxh7 g6 17. h5 gxh5 18. Rxh5 Nd6 19. Bd3 Na5 20. Bf4 Ka8 21. Bxd6 Qxd6 22. Kb1 Qb6 23. Rh7 Ba3 24. Rd2 Rd7 25. Nc1 Rc7 26. Bc2 Qxb2# 0-1

[Event "FISU World University-ch 2020"]
[Site "Online"]
[Date "2020.10.26"]
[Round "2.27"]
[White "Zuleta, Juan Carlos"]
[Black "Ruiz Olate, Emily Andrea"]
[Result "1-0"]
[WhiteElo "1934"]
[BlackElo "1866"]
[Annotator "TA"]
[PlyCount "123"]
[EventDate "2020.10.26"]
[SourceTitle "playchess.com"]
[Source "ChessBase"]
[SourceQuality "1"]

1. e4 c5 2. Nc3 Nc6 3. f4 g6 4. Nf3 Bg7 5. Bc4 d6 6. O-O Nf6 7. d3 O-O 8. Qe1 e6 9. Qh4 d5 10. Bb3 d4 11. Ne2 Na5 12. Ng3 b5 13. f5 Qb6 14. e5 exf5 15. exf6 Bxf6 16. Bg5 Bg7 17. Be7 Re8 18. Ng5 Rxe7 19. Rae1 Qc7 20. Nxh7 Be6 21. Bxe6 Rxe6 22. Rxe6 fxe6 23. Ng5 Bf6 24. Qh6 Bxg5 25. Qxg5 Qf7 26. Ne4 Nb7 27. g4 Rf8 28. gxf5 exf5 29. Ng3 Qf6 30. Qf4 Nd6 31. Qf3 Kg7 32. Rf2 Qg5 33. Qd5 Rf6 34. Kg2 Qg4 35. h3 Qh4 36. Qe5 f4 37. Qe7+ Kh6 38. Rf3 Qg5 39. Qd8 Nf7 40. Qf8+ Kh7 41. Qe7 Kh6 42. h4 Qxh4 43. Nf5+ gxf5 44. Rh3 Qxh3+ 45. Kxh3 Kg6 46. Qxc5 Ng5+ 47. Kg2 Re6 48. Qxd4 Re2+ 49. Kf1 Rxc2 50. Qxf4 Rxb2 51. Qd6+ Kh5 52. d4 Rxa2 53. d5 Rd2 54. Qc6 Nf3 55. d6 Ne5 56. Qxb5 Nf3 57. Qxf5+ Ng5 58. Qf6 Ne4 59. Qf7+ Kg4 60. d7 Ng3+ 61. Ke1 Rd3 62. Qg6+ 1-0

[Event "FISU World University-ch 2020"]
[Site "Online"]
[Date "2020.10.26"]
[Round "2.27"]
[White "Aguas Cardenas, Darley"]
[Black "Arias Gonzalez, Felipe"]
[Result "1-0"]
[WhiteElo "1737"]
[BlackElo "1343"]
[Annotator "NA RC"]
[PlyCount "92"]
[EventDate "2020.10.26"]
[SourceTitle "playchess.com"]
[Source "ChessBase"]
[SourceQuality "1"]

1. c4 Nf6 2. Nc3 g6 3. e4 d6 4. d4 Bg7 5. Bd3 O-O 6. Nge2 Na6 7. f3 c5 8. d5 e6 9. Bg5 exd5 10. Nxd5 Nc7 11. Nec3 Re8 12. O-O Ne6 13. Bxf6 Bxf6 14. Nxf6+ Qxf6 15. Qd2 Nc7 16. Rad1 Be6 17. b3 Rad8 18. Bb1 a6 19. Qc2 b5 20. cxb5 Nxb5 21. Nxb5 axb5 22. Rd2 Rd7 23. Rfd1 Red8 24. a4 b4 25. Rd3 Qe5 26. Qf2 c4 27. bxc4 Bxc4 28. Rd4 Qe6 29. Qd2 Bb3 30. Rc1 Bxa4 31. Qxb4 Qb3 32. Rc3 Qxb4 33. Rxb4 Ra8 34. Ba2 Bc6 35. Bxf7+ Kxf7 36. Rxc6 Ra1+ 37. Kf2 Ra2+ 38. Kg3 Ke6 39. Rb8 Ra5 40. Re8+ Kf7 41. Rh8 Kg7 42. Rcc8 Raa7 43. f4 Ra3+ 44. Kg4 h5+ 45. Kg5 Ra5+ 46. f5 Kf7 1-0

[Event "FISU World University-ch 2020"]
[Site "Online"]
[Date "2020.10.26"]
[Round "2.27"]
[White "Gallardo Ramirez, Ricardo Manuel"]
[Black "Pinillo Canon, Silvana"]
[Result "0-1"]
[WhiteElo "1681"]
[BlackElo "1785"]
[Annotator "NA RC"]
[PlyCount "160"]
[EventDate "2020.10.26"]
[SourceTitle "playchess.com"]
[Source "ChessBase"]
[SourceQuality "1"]

1. e4 e5 2. Nf3 Nc6 3. Bc4 Bc5 4. c3 Nf6 5. d3 O-O 6. Nbd2 Re8 7. Nf1 d5 8. exd5 Nxd5 9. Ng3 a6 10. Bb3 Be6 11. Ng5 h6 12. Nxe6 Rxe6 13. Qf3 Nce7 14. Ne4 Ba7 15. O-O f5 16. Ng3 Rf6 17. Re1 e4 18. Qe2 Kh8 19. dxe4 fxe4 20. Nxe4 Rf8 21. Qh5 Nf6 22. Nxf6 Rxf6 23. Be3 Bxe3 24. Rxe3 Qf8 25. Re2 Rd8 26. Qe5 Ng6 27. Qxc7 b5 28. g3 Rc8 29. Qb7 Rb8 30. Qe4 Qc5 31. Rd1 Rbf8 32. Rdd2 Qg5 33. Bc2 Rf4 34. Qd3 R4f6 35. h4 Qh5 36. Qe4 Qc5 37. Rd5 Qb6 38. h5 Rxf2 39. Qd4 Qxd4 40. Rxd4 Rxe2 41. Bxg6 Rxb2 42. a4 Kg8 43. axb5 axb5 44. Rd7 Rc8 45. Rb7 Kf8 46. Rf7+ Kg8 47. Rb7 Rd8 48. Rf7 Rd1+ 49. Rf1 Rxf1+ 50. Kxf1 Rb3 51. Be8 Kf8 52. Bc6 Ke7 53. Ke2 Rxc3 54. Bxb5 Rxg3 55. Kf2 Rg5 56. Be2 Kf6 57. Bd1 Re5 58. Kg3 Kg5 59. Kg2 Kh4 60. Kf3 Rxh5 61. Kf4 Rg5 62. Bf3 Rg1 63. Be2 g5+ 64. Kf3 g4+ 65. Kf2 Rg3 66. Ba6 Kh3 67. Bb7 h5 68. Be4 h4 69. Bd5 Kh2 70. Be4 Rg1 71. Bd5 g3+ 72. Kf3 Rf1+ 73. Kg4 h3 74. Kh4 g2 75. Be6 g1=Q 76. Kh5 Qc5+ 77. Kh4 Rf4+ 78. Bg4 Qg1 79. Kh5 Qxg4+ 80. Kh6 Rf5 0-1

[Event "FISU World University-ch 2020"]
[Site "Online"]
[Date "2020.10.26"]
[Round "2.28"]
[White "Muniz, Francisco Allysson d"]
[Black "Ikeda, Vinicius Yasuto"]
[Result "1-0"]
[WhiteElo "2061"]
[BlackElo "2004"]
[Annotator "TA"]
[PlyCount "93"]
[EventDate "2020.10.26"]
[SourceTitle "playchess.com"]
[Source "ChessBase"]
[SourceQuality "1"]

1. d4 Nf6 2. c4 g6 3. Nc3 d5 4. cxd5 Nxd5 5. e4 Nxc3 6. bxc3 Bg7 7. Bc4 c5 8. Ne2 O-O 9. O-O Nc6 10. Be3 Na5 11. Bd3 c4 12. Bc2 Qc7 13. Bf4 e5 14. dxe5 Bxe5 15. Bxe5 Qxe5 16. f4 Qc5+ 17. Qd4 Qxd4+ 18. Nxd4 Bd7 19. Rab1 b6 20. e5 Rfe8 21. Be4 Rac8 22. h3 Rc5 23. Rfd1 g5 24. Nf3 Ba4 25. Nxg5 Bxd1 26. Bxh7+ Kg7 27. Rxd1 Nc6 28. Be4 Rd8 29. Re1 Ne7 30. h4 Ra5 31. Re2 Ng6 32. g3 Rd1+ 33. Kf2 Ra1 34. Bxg6 Kxg6 35. e6 fxe6 36. Rxe6+ Kg7 37. h5 R5xa2+ 38. Kf3 Rh1 39. Re7+ Kf8 40. Rf7+ Kg8 41. g4 Rh3+ 42. Ke4 Rh4 43. Kf5 Rg2 44. Kf6 Rgxg4 45. Rg7+ Kf8 46. Ne6+ Ke8 47. Re7# 1-0

[Event "FISU World University-ch 2020"]
[Site "Online"]
[Date "2020.10.26"]
[Round "2.28"]
[White "Da Silva, Francisco Iran Santo"]
[Black "Dos Santos, Lucas Vinicius Monte"]
[Result "1-0"]
[WhiteElo "1825"]
[BlackElo "1938"]
[Annotator "TA"]
[PlyCount "49"]
[EventDate "2020.10.26"]
[SourceTitle "playchess.com"]
[Source "ChessBase"]
[SourceQuality "1"]

1. e4 c5 2. Nc3 Nc6 3. f4 e6 4. Nf3 Nge7 5. Bb5 a6 6. Bxc6 bxc6 7. O-O g6 8. d3 Bg7 9. Na4 Qa5 10. c4 d6 11. e5 dxe5 12. fxe5 O-O 13. Bd2 Qc7 14. Qe2 Rb8 15. Bc3 Rd8 16. Nxc5 Nf5 17. Ne4 Qe7 18. g4 Nh6 19. h3 c5 20. Nf6+ Bxf6 21. exf6 Qd6 22. Be5 Qb6 23. Qe3 Kh8 24. Qxh6 Rg8 25. Ng5 1-0

[Event "FISU World University-ch 2020"]
[Site "Online"]
[Date "2020.10.26"]
[Round "2.28"]
[White "Araujo, Lucas Filipe Echer"]
[Black "Batista Inacio, Pedro Lews"]
[Result "1-0"]
[WhiteElo "1788"]
[BlackElo "1687"]
[Annotator "NA RC"]
[PlyCount "97"]
[EventDate "2020.10.26"]
[SourceTitle "playchess.com"]
[Source "ChessBase"]
[SourceQuality "1"]

1. c4 Nf6 2. g3 e5 3. Bg2 Be7 4. Nc3 O-O 5. Nf3 d6 6. O-O Be6 7. d3 c6 8. Bd2 h6 9. h3 Qc8 10. Kh2 Nbd7 11. Rb1 Rb8 12. b4 b5 13. cxb5 cxb5 14. a3 a6 15. Rc1 Qd8 16. Qc2 Nb6 17. Be3 Nbd5 18. Nxd5 Nxd5 19. Bd2 Rc8 20. Qb2 Bf6 21. Qb1 Qd7 22. e4 Nb6 23. Be3 Na4 24. Rxc8 Rxc8 25. Rc1 Bd8 26. d4 exd4 27. Nxd4 Bc4 28. h4 Qe8 29. Nf5 Bc7 30. Qa1 f6 31. Qd4 Bb6 32. Qxd6 Bxe3 33. fxe3 Rd8 34. Qxa6 Rd2 35. Qb7 Rd7 36. Qc6 Qd8 37. Rxc4 bxc4 38. Qxa4 g6 39. Nxh6+ Kg7 40. Ng4 Qc7 41. Qc2 c3 42. Qf2 Rd6 43. Qf4 Rc6 44. Qh6+ Kf7 45. e5 fxe5 46. Bxc6 c2 47. Qh7+ Ke6 48. Qxc7 c1=Q 49. Bd7+ 1-0

[Event "FISU World University-ch 2020"]
[Site "Online"]
[Date "2020.10.26"]
[Round "2.28"]
[White "Liebl, Livia"]
[Black "Assuncao, Darlane Brito"]
[Result "0-1"]
[WhiteElo "1543"]
[BlackElo "1705"]
[Annotator "NA RC"]
[PlyCount "100"]
[EventDate "2020.10.26"]
[SourceTitle "playchess.com"]
[Source "ChessBase"]
[SourceQuality "1"]

1. d4 Nf6 2. e3 g6 3. f4 Bg7 4. Nf3 O-O 5. Bd3 d6 6. e4 Nbd7 7. c3 c5 8. O-O Qc7 9. Qe2 e5 10. fxe5 dxe5 11. d5 Ne8 12. c4 Nd6 13. b3 f5 14. Bb2 Qd8 15. Nbd2 Qe7 16. Rab1 a6 17. Rfe1 f4 18. Qf2 g5 19. Rec1 Bf6 20. Ba3 g4 21. Ne1 Bh4 22. Qe2 Qg5 23. Nc2 f3 24. Qe3 Qg6 25. g3 Bg5 26. Qf2 h5 27. Nf1 Bxc1 28. Rxc1 b6 29. Nd2 a5 30. Bb2 a4 31. b4 Ba6 32. Ba3 Rac8 33. Ne3 Nf6 34. b5 Bb7 35. Nf5 Nxf5 36. exf5 Qg7 37. Ne4 Nxe4 38. Bxe4 Qf6 39. Bb2 Rcd8 40. Qc2 Ra8 41. Rd1 Rfd8 42. Rd3 Rd6 43. Ra3 Bc8 44. Rxa4 Rxa4 45. Qxa4 Bxf5 46. Bxf5 Qxf5 47. Qa8+ Kh7 48. Qa3 Qb1+ 49. Kf2 Qc2+ 50. Kg1 Qg2# 0-1

[Event "FISU World University-ch 2020"]
[Site "Online"]
[Date "2020.10.26"]
[Round "2.29"]
[White "Palu, Andres"]
[Black "Donoso Diaz, Sebastian"]
[Result "1-0"]
[WhiteElo "2068"]
[BlackElo "2192"]
[Annotator "TA"]
[PlyCount "67"]
[EventDate "2020.10.26"]
[SourceTitle "playchess.com"]
[Source "ChessBase"]
[SourceQuality "1"]

1. e4 c5 2. Nc3 e6 3. f4 a6 4. Nf3 Nc6 5. g3 g6 6. Bg2 Bg7 7. e5 d5 8. exd6 Qxd6 9. Ne4 Qe7 10. d3 Nf6 11. O-O O-O 12. c3 Rd8 13. Qe2 Nd5 14. Be3 Nxe3 15. Qxe3 b6 16. Rad1 Bb7 17. g4 Rd7 18. Ng3 Rad8 19. Rfe1 b5 20. Ne4 Rd5 21. Qf2 b4 22. c4 Rxd3 23. Rxd3 Rxd3 24. Qxc5 Qd8 25. Nf2 Bf8 26. Qg5 Qxg5 27. Nxg5 Rd4 28. f5 Bc5 29. fxe6 Rd2 30. exf7+ Kf8 31. Ne6+ Kxf7 32. Nxc5 Ba8 33. Bd5+ Kg7 34. Re8 1-0

[Event "FISU World University-ch 2020"]
[Site "Online"]
[Date "2020.10.26"]
[Round "2.29"]
[White "Gianuzzi, Emanuel"]
[Black "Vega Llanos, Francisco Javier"]
[Result "1-0"]
[WhiteElo "1442"]
[BlackElo "1587"]
[Annotator "NA RC"]
[PlyCount "69"]
[EventDate "2020.10.26"]
[SourceTitle "playchess.com"]
[Source "ChessBase"]
[SourceQuality "1"]

1. e4 e5 2. f4 d6 3. Nf3 Nc6 4. d3 Bg4 5. Be2 Nf6 6. c3 exf4 7. Bxf4 g6 8. Nbd2 Bg7 9. O-O Qe7 10. a4 a5 11. Qe1 Bxf3 12. Nxf3 h6 13. Qd2 Nh5 14. Be3 O-O-O 15. Rab1 g5 16. b4 axb4 17. cxb4 Nf6 18. b5 Ne5 19. Nd4 Rhg8 20. b6 c6 21. Nf5 Qe6 22. d4 Neg4 23. d5 Qe5 24. g3 Nxe3 25. Nxe3 Rd7 26. dxc6 bxc6 27. b7+ Rxb7 28. Ba6 Nxe4 29. Qb4 Qe7 30. Bxb7+ Kd8 31. Bxc6 Qa7 32. Qb8+ Qxb8 33. Rxb8+ Kc7 34. Rxg8 Kxc6 35. Rxg7 1-0

[Event "FISU World University-ch 2020"]
[Site "Online"]
[Date "2020.10.26"]
[Round "2.30"]
[White "Engaitah, Abdalsalam A."]
[Black "Heyworth, Nicholas"]
[Result "0-1"]
[WhiteElo "1944"]
[BlackElo "1752"]
[Annotator "TA"]
[PlyCount "100"]
[EventDate "2020.10.26"]
[SourceTitle "playchess.com"]
[Source "ChessBase"]
[SourceQuality "1"]

1. e4 c5 2. Nf3 d6 3. d4 cxd4 4. Nxd4 Nf6 5. Nc3 a6 6. Bg5 e6 7. f4 Be7 8. Qf3 h6 9. Bh4 Nbd7 10. g4 g5 11. Bg3 gxf4 12. Bxf4 e5 13. Nf5 exf4 14. Qxf4 Ne5 15. Nxh6 Nexg4 16. Nf5 Bxf5 17. exf5 Ne5 18. h4 Nh5 19. Qa4+ b5 20. Qb3 Bxh4+ 21. Kd1 Ng3 22. Rg1 Qb6 23. Qd5 Rd8 24. Qg2 Nxf1 25. Qxf1 Qd4+ 26. Kc1 Qe3+ 27. Kb1 Nf3 28. Rg2 Nd2+ 29. Rxd2 Qxd2 30. a3 Qe1+ 31. Ka2 Qxf1 32. Rxf1 d5 33. Ne2 Be7 34. Nd4 Bc5 35. Nc6 Rc8 36. Re1+ Kf8 37. Ne5 Rd8 38. f6 Rd6 39. Ng4 Re6 40. Rd1 d4 41. c3 dxc3 42. bxc3 Rd6 43. Re1 Rh4 44. Re4 Re6 45. Rf4 Be3 46. Rb4 a5 47. Rxb5 Rxg4 48. Rb8+ Re8 49. Rb5 Rg5 50. Rxa5 Rxa5 0-1